Statistics for British Commonwealth Countries Quiz

Click here to take the quiz!

General Stats

  • This quiz has been taken 96,212 times
    (9,285 since last reset)
  • The average score is 35 of 54

Answer Stats

Joined Country % Correct
1931Australia
96%
1931New Zealand
94%
1931Canada
93%
1947India
91%
1931South Africa
89%
1931United Kingdom
79%
1947Pakistan
78%
1963Kenya
78%
1962Jamaica
76%
1970Fiji
75%
1983St. Kitts and Nevis
73%
1964Zambia
72%
1966Barbados
72%
1972Bangladesh
71%
1973Bahamas
71%
1961Tanzania
70%
1979St. Vincent and
the Grenadines
70%
1979St. Lucia
70%
1981Antigua and
Barbuda
69%
1970Tonga
67%
1970Samoa
67%
1960Nigeria
67%
1962Trinidad and Tobago
66%
1978Tuvalu
66%
1980Vanuatu
65%
1968Nauru
64%
1990Namibia
64%
1966Botswana
64%
1962Uganda
63%
1978Solomon Islands
63%
1948Sri Lanka
62%
1974Grenada
62%
1966Lesotho
62%
1957Ghana
62%
1979Kiribati
59%
1968Eswatini
59%
1966Singapore
59%
1981Belize
58%
2009Rwanda
57%
1978Dominica
57%
1975Papua New Guinea
56%
1957Malaysia
55%
1995Mozambique
51%
1964Malawi
51%
1976Seychelles
50%
1966Guyana
48%
1995Cameroon
47%
1964Malta
47%
1968Mauritius
47%
1965Gambia
47%
1982Maldives
47%
1961Sierra Leone
41%
1961Cyprus
40%
1984Brunei
37%

Score Distribution

Percentile by Number Answered

Percent of People with Each Score

Your Score History

You have not taken this quiz since the last reset